01145nam a22002895a 4500003000900000005001700009008004100026020001500067040004500082082001900127100004900146245013700195250002400332264003900356300002300395336002600418337002800444338002700472650005400499651008600553653002500639655002400664700003100688942001200719999001500731952010900746EG-ScBUE20220202144852.0150818s1996 ii f 000 1 eng d a8175811072 aEG-ScBUE bengerdacEG-ScBUE dEG-ScBUE04a823.8bBRO2221 aBrontèˆ, Emily,d1818-1848,eauthor.94015510aWuthering heights:ba critical study /cEmily Bronte, Ramji Lall, M.A., formerly principal, Dyal Singh College, University of Delhi. aThirteenth edition. 1aNew Delhi :bRama Brothers,c1996. a233 pages ;c19 cm 2rdacontentatextbtxt 2rdamediaaunmediatedbn 2rdacarrieravolumebnc 7aCountry lifezEnglandzYorkshirevFiction.2BUEsh 7aYorkshire (England)xSocial life and customsy19th centuryvFiction.2BUEsh99469 cAugust2015bHHUUEENN vReading book9342321 aLall, Ramji,eauthor.q  cBB2ddc c5444d5444 00102ddc3 4070aMAINbMAINc2NDd2007-11-08ePurchaseo823.8 BROp000007146r2025-07-15 00:00:00yBB